| 000 | 01110nam a2200217Ia 4500 | ||
|---|---|---|---|
| 003 | Ost | ||
| 005 | 20260507075032.0 | ||
| 008 | 260507s9999||||xx |||||||||||||| ||und|| | ||
| 040 | _cfsecg | ||
| 041 | _aara | ||
| 082 | _a330 | ||
| 100 |
_aكيكسو، وداد أحمد _eمؤلف |
||
| 245 | 0 |
_aالعولمة والتنمية الإقتصادية : _bنشأتها، تأثيرها، تطورها / _c وداد أحمد كيكسو |
|
| 260 |
_aعمان: _bدار الفارس, _c2002 |
||
| 300 |
_a163 صفحة؛ _bإيضاحات ؛ _c23 سم |
||
| 520 | _aولادة ما يسمى إتفاقية واشنطن- تجديد لإتفاقية واشنطن- إكتشاف العولمة في أحشاء إتفاقية واشنطن- أكتشاف العولمة وتسويقها- إنعكاسات إتفاقية واشنطن- تأثير العولمة على الإقتصاديات- التنمية الإقتصادية والعولمة- قراءة في مستقبل العولمة | ||
| 653 | _aالتنمية | ||
| 653 | _aالتنمية الإقتصادية | ||
| 653 | _aالعولمة | ||
| 942 | _cكتاب | ||
| 999 |
_c42408 _d42408 |
||